| 000 | 00809nam a22002652a 4500 | ||
|---|---|---|---|
| 001 | 75889 | ||
| 003 | BD-RjUL | ||
| 005 | 20211209082747.0 | ||
| 008 | 190903s1981 ii a 001 0 eng d | ||
| 020 | _a0860035115 | ||
| 020 | _a0860036111 (pbk):) | ||
| 035 |
_aOCLC ocm07636265 from D960626M _a(BD-RjUL)76108 |
||
| 040 |
_aIQU _cIQU _dOCL _dUKM _dEQO _dBD-RjUL _beng |
||
| 041 | _aeng | ||
| 043 | _ae-uk--- | ||
| 082 |
_223 _a658.5 _bOPE 1981 |
||
| 245 | 0 | 0 |
_aOperations management in practice / _cedited by C. D. Lewis |
| 260 |
_aNew Delhi ; _aOxford : _bP. Allan, _c1981 |
||
| 300 |
_ax, 454 p. : _bill. ; _c22 cm |
||
| 504 | _aIncludes bibliographies and indexes | ||
| 650 | 0 |
_aProduction management _9232774 |
|
| 700 | 1 |
_aLewis, C. D. _q(Colin David) _9233095 |
|
| 942 |
_2ddc _cBK |
||
| 999 |
_c75889 _d75889 |
||